[Event "Valencia Monteolivete op 4th"]
[Site "Valencia"]
[Date "2024.07.18"]
[Round "6"]
[White "Sanchez Taravilla, Rodrigo"]
[Black "Dominguez Exposito, Ibon"]
[Result "0-1"]
[WhiteElo "1838"]
[BlackElo "2151"]
[PlyCount "112"]
[EventDate "2024.07.15"]
[EventType "swiss"]
[EventRounds "9"]
[EventCountry "ESP"]
[SourceTitle "EXT 2025"]
[Source "ChessBase"]
[SourceDate "2024.10.14"]
[SourceVersion "1"]
[SourceVersionDate "2024.10.14"]
[SourceQuality "1"]

1. d4 d5 2. c4 e6 3. Nf3 a6 4. Nbd2 Nf6 5. e3 Be7 6. Bd3 dxc4 7. Nxc4 b5 8. Nce5 Bb7 9. b3 0-0 10. 0-0 Nbd7 11. Bb2 c5 12. Rc1 Rc8 13. Qe2 Nxe5 14. Nxe5 Qd5 15. Qf3 Qxf3 16. Nxf3 Bxf3 17. gxf3 cxd4 18. Bxd4 Nd5 19. Be4 Ba3 20. Rxc8 Rxc8 21. Rd1 f6 22. Rd2 Kf7 23. Rc2 Rxc2 24. Bxc2 e5 25. Ba1 g6 26. Kg2 Ke6 27. Kf1 f5 28. Ke2 h6 29. Bb1 Bb4 30. e4 Nf4+ 31. Kf1 Bc5 32. Bc3 Nh3 33. Be1 Ng5 34. Ke2 f4 35. Bd3 Kd6 36. a4 Kc6 37. Ba5 Ne6 38. Bc3 Bd4 39. Bb4 Ba1 40. axb5+ axb5 41. Kd1 Nd4 42. Bc2 Nxf3 43. h3 Bd4 44. Be1 Ng1 45. h4 h5 46. f3 Nxf3 47. Ke2 Nh2 48. Bf2 Bxf2 49. Kxf2 Kc5 50. Bd1 Ng4+ 51. Kf3 Kb4 52. Be2 Nf6 53. Bd1 Nd7 54. Be2 Nc5 55. Bf1 Nxb3 56. Bh3 Nc5 0-1